La investigación científica paso a paso: (Registro nro. 9600)

Detalles MARC
000 -LEADER
fixed length control field 00925nam a2200193Ia 4500
005 - FECHA Y HORA DE LA ÚLTIMA TRANSACCIÓN
control field 20231003165218.0
008 - FIXED-LENGTH DATA ELEMENTS--GENERAL INFORMATION
fixed length control field 231003s9999 xx 000 0 und d
040 ## - CATALOGING SOURCE
Original cataloging agency UPAN
Transcribing agency Biblioteca San Vicente
Description conventions RCAA2
041 ## - LANGUAGE CODE
Language code of text/sound track or separate title spa
082 ## - DEWEY DECIMAL CLASSIFICATION NUMBER
Classification number 001.42
Item number M866p
año de publicación 2004
100 ## - MAIN ENTRY--PERSONAL NAME
Personal name Muñoz Campos, Roberto
Relator code aut.
245 #0 - TITLE STATEMENT
Title La investigación científica paso a paso:
Remainder of title Problema, hipótesis, tema, objetivos/
Statement of responsibility, etc R. Muñoz Campos
260 ## - PUBLICATION, DISTRIBUTION, ETC. (IMPRINT)
Place of publication, distribution, etc El Salvador:
Name of publisher, distributor, etc UCA,
Date of publication, distribution, etc 2004
300 ## - PHYSICAL DESCRIPTION
Extent 275 p.;
Dimensions 24 cm
505 ## - FORMATTED CONTENTS NOTE
Formatted contents note Introducción al campo de la investigación - El problema de investigación - La hipótesis - El diseño del estudio - El trabajo de campo - El procesamiento de los datos - Exposición de los resultados - Elaboración y presentación del informe - Elaboración del proyecto - La investigación bibliográfica - La ciencia
650 ## - SUBJECT ADDED ENTRY--TOPICAL TERM
Source of heading or term LEMB
General subdivision Metodología de la Investigación
9 (RLIN) 2
700 ## - ADDED ENTRY--PERSONAL NAME
Relator code
942 ## - ADDED ENTRY ELEMENTS (KOHA)
Koha item type Libros
Source of classification or shelving scheme Dewey Decimal Classification
Existencias
Withdrawn status Lost status Source of classification or shelving scheme Damaged status Not for loan Collection code Home library Current library Date acquired Total Checkouts Full call number Barcode Date last seen Copy number Price effective from Koha item type
    Dewey Decimal Classification     Colección General Biblioteca UPAN San Vicente Biblioteca UPAN San Vicente 03/10/2023   001.42 M866p 12003842 03/10/2023 01 03/10/2023 Libros
    Dewey Decimal Classification     Colección General Biblioteca UPAN San Vicente Biblioteca UPAN San Vicente 03/10/2023   001.42 M866p 12003843 03/10/2023 02 03/10/2023 Libros
    Dewey Decimal Classification     Colección General Biblioteca UPAN San Vicente Biblioteca UPAN San Vicente 03/10/2023   001.42 M866p 12003844 03/10/2023 03 03/10/2023 Libros